000 00641nam a2200241Ia 4500
003 OSt
005 20220918200612.0
006 a|||||r|||| 00| 0
007 ta
008 220917b |||||||| |||| 00| 0 eng d
024 _a89,455
037 _cTextual
040 _aARTS
_cARTS
_beng
041 _2eng
_aeng
082 _aU47, A4
100 _aMarsh Geoge P
_994767
245 0 _aEarth as modified by human action
260 _aN.Y
_bScribner Armstrong
_c1874
490 _aAmerican enviromental study
650 _aHUMAN GEOGRAPHY
_91464
942 _hU47, A4
_cTEXL
_2CC
999 _c213125
_d213125